Linear algebra with applications :Including linear programming
Gorde:
| Egile nagusia: | |
|---|---|
| Formatua: | Liburua |
| Hizkuntza: | Spanish |
| Argitaratua: |
New York : Meredith Corporation
1971
|
| Etiketak: |
Etiketa erantsi
Etiketarik gabe, Izan zaitez lehena erregistro honi etiketa jartzen!
|
MARC
| LEADER | 00000nam a2200000Ia 4500 | ||
|---|---|---|---|
| 003 | 002364 | ||
| 005 | 20221231143938.0 | ||
| 008 | 140114s1971 us a 000 ||spa d | ||
| 040 | |c cru CEDI | ||
| 082 | |a 512.5 C187a | ||
| 100 | |a Campbell, Hugh G |9 21486 | ||
| 245 | |a Linear algebra with applications :Including linear programming | ||
| 260 | |a New York : Meredith Corporation |c 1971 | ||
| 300 | |a xiii, 394 páginas : ilustraciones, incluye refrencias | ||
| 942 | |2 ddc |c BK | ||
| 999 | |c 14616 |d 14616 | ||
